000 00520cam a2200145 4500500
005 20251228072918.0
041 _afre
042 _adc
100 1 0 _aDufour, Christian
_eauthor
245 0 0 _aL'avenir des valeurs de type français dans le nouveau contexte mondial : regards croisés sur la France et le Québec
260 _c2005.
500 _a20
786 0 _nCités | 23 | 3 | 2005-09-01 | p. 105-114 | 1299-5495
856 4 1 _uhttps://shs.cairn.info/revue-cites-2005-3-page-105?lang=fr&redirect-ssocas=7080
999 _c1594413
_d1594413